[Event "TUR-chT2"]
[Site "Konya"]
[Date "2015.07.31"]
[Round "9.5"]
[White "Demiralp, Murat"]
[Black "Ozen, Ali"]
[Result "1-0"]
[WhiteElo "2064"]
[BlackElo "1734"]
[PlyCount "79"]
[EventDate "2015.07.25"]
[EventType "team-swiss"]
[EventRounds "9"]
[EventCountry "TUR"]
[SourceTitle "CBM 167 Extra"]
[Source "ChessBase"]
[SourceDate "2015.09.14"]
[SourceVersion "1"]
[SourceVersionDate "2015.09.14"]
[SourceQuality "1"]
[WhiteTeam "Canakkale Gokceada"]
[BlackTeam "Denizli Pausa"]
[WhiteTeamCountry "TUR"]
[BlackTeamCountry "TUR"]

1. d4 Nf6 2. Nf3 g6 3. Bf4 Bg7 4. e3 d6 5. Be2 Nh5 6. Bg5 h6 7. Bh4 c5 8. c3 g5 9. Nfd2 Nf6 10. Bg3 cxd4 11. exd4 Nc6 12. Na3 Bf5 13. Nac4 Nd7 14. Bxd6 0-0 15. Bg3 e5 16. dxe5 Ndxe5 17. Nxe5 Nxe5 18. Bxe5 Bxe5 19. 0-0 Qc7 20. Nf3 Rfd8 21. Qa4 Bf4 22. g3 Bd6 23. Nd4 Bd7 24. Qb3 Bh3 25. Rfd1 Bc5 26. Bf3 Bb6 27. a4 Rd7 28. a5 Bxa5 29. Nb5 Rxd1+ 30. Rxd1 Qe7 31. Nd6 Bb6 32. g4 Qf6 33. Nf5 Re8 34. Qc4 h5 35. Bd5 Bxg4 36. Bxf7+ Kf8 37. Bxe8 Qxf5 38. Rd2 Bh3 39. Bxh5 Bxf2+ 40. Rxf2 1-0

[Event "TUR-chT2"]
[Site "Konya"]
[Date "2015.07.30"]
[Round "8.2"]
[White "Garabetyan, Arno"]
[Black "Demiralp, Murat"]
[Result "1/2-1/2"]
[WhiteElo "2062"]
[BlackElo "2064"]
[PlyCount "21"]
[EventDate "2015.07.25"]
[EventType "team-swiss"]
[EventRounds "9"]
[EventCountry "TUR"]
[SourceTitle "CBM 167 Extra"]
[Source "ChessBase"]
[SourceDate "2015.09.14"]
[SourceVersion "1"]
[SourceVersionDate "2015.09.14"]
[SourceQuality "1"]
[WhiteTeam "Istanbul Bogazici Univ"]
[BlackTeam "Canakkale Gokceada"]
[WhiteTeamCountry "TUR"]
[BlackTeamCountry "TUR"]

1. d4 d6 2. Nf3 g6 3. g3 Bg7 4. Bg2 Nd7 5. c4 e5 6. e4 Ne7 7. Nc3 0-0 8. d5 a5 9. 0-0 h6 10. Ne1 f5 11. Nd3 1/2-1/2

[Event "TUR-chT2"]
[Site "Konya"]
[Date "2014.06.27"]
[Round "7.5"]
[White "Demiralp, Murat"]
[Black "Akyildiz, Baris"]
[Result "1/2-1/2"]
[WhiteElo "2061"]
[BlackElo "1964"]
[PlyCount "65"]
[EventDate "2014.06.23"]
[EventType "team-swiss"]
[EventRounds "9"]
[EventCountry "TUR"]
[SourceTitle "CBM 161 Extra"]
[Source "ChessBase"]
[SourceDate "2014.08.29"]
[SourceVersion "1"]
[SourceVersionDate "2014.08.29"]
[SourceQuality "1"]
[WhiteTeam "Gokce"]
[BlackTeam "Salihli Sardes"]
[WhiteTeamCountry "TUR"]
[BlackTeamCountry "TUR"]

1. d4 f5 2. h3 d5 3. Bf4 e6 4. e3 Bd6 5. Nf3 Nf6 6. c3 Qe7 7. Bxd6 Qxd6 8. Ne5 0-0 9. Nd2 Bd7 10. f4 c5 11. Be2 Nc6 12. 0-0 Ne4 13. Nxe4 fxe4 14. dxc5 Qe7 15. Nxc6 bxc6 16. Qd4 a5 17. Kh2 Rfb8 18. b3 Qf6 19. Rab1 Bc8 20. Rfc1 Qxd4 21. cxd4 Ba6 22. Bxa6 Rxa6 23. a3 Ra7 24. Rb2 Rab7 25. Rcb1 Kf7 26. Kg3 Kf6 27. Kf2 g5 28. Kg3 gxf4+ 29. Kxf4 Rg8 30. g4 h5 31. Rg2 Rf7 32. Kg3 h4+ 33. Kf2 1/2-1/2

[Event "Troya op 21st"]
[Site "Canakkale"]
[Date "2013.08.22"]
[Round "7"]
[White "Sensay, Emin"]
[Black "Demiralp, Murat"]
[Result "1/2-1/2"]
[WhiteElo "1759"]
[BlackElo "2092"]
[PlyCount "83"]
[EventDate "2013.08.17"]
[EventType "swiss"]
[EventRounds "9"]
[EventCountry "TUR"]
[SourceTitle "CBM 156 Extra"]
[Source "ChessBase"]
[SourceDate "2013.10.22"]
[SourceVersion "1"]
[SourceVersionDate "2013.10.22"]
[SourceQuality "1"]

1. e4 e6 2. d3 d5 3. Nd2 Nf6 4. Ngf3 b6 5. g3 Be7 6. Bg2 dxe4 7. dxe4 Ba6 8. e5 Nd5 9. c4 Nb4 10. 0-0 c6 11. a3 Nd3 12. Qc2 Nxc1 13. Raxc1 Qc7 14. Ne4 Nd7 15. Qc3 0-0 16. Rfd1 Rad8 17. b4 c5 18. b5 Bb7 19. Re1 Rfe8 20. a4 Nf8 21. Rc2 Rd7 22. Rd2 Red8 23. Rxd7 Qxd7 24. a5 Qd3 25. Qxd3 Rxd3 26. a6 Ba8 27. Nfd2 Nd7 28. f4 Bxe4 29. Nxe4 Rd4 30. Rc1 f5 31. Nf2 g5 32. Rd1 gxf4 33. gxf4 Bh4 34. Rxd4 Bxf2+ 35. Kxf2 cxd4 36. Ke2 Nc5 37. Bf3 Kf7 38. Kd2 Ke7 39. Ke2 h6 40. Kd2 Kd7 41. Ke2 Kc7 42. Kd2 1/2-1/2

[Event "TUR-ch"]
[Site "Kemer"]
[Date "2011.02.09"]
[Round "6"]
[White "Korkmaz, Necmettin"]
[Black "Demiralp, Murat"]
[Result "0-1"]
[WhiteElo "2186"]
[BlackElo "2083"]
[PlyCount "74"]
[EventDate "2011.02.05"]
[EventType "swiss"]
[EventRounds "10"]
[EventCountry "TUR"]
[SourceTitle "CBM 140 Extra"]
[Source "ChessBase"]
[SourceDate "2011.03.01"]
[SourceVersion "1"]
[SourceVersionDate "2011.03.01"]
[SourceQuality "1"]

1. e4 e6 2. d4 d5 3. e5 c5 4. c3 Nc6 5. Nf3 Qb6 6. Be2 Nh6 7. Bxh6 gxh6 8. Qd2 cxd4 9. cxd4 Bg7 10. 0-0 0-0 11. Na3 Bd7 12. Nc2 Rac8 13. b4 f6 14. exf6 Rxf6 15. b5 Na5 16. Ne5 Be8 17. Ne3 Rf8 18. f4 Nc4 19. N3xc4 dxc4 20. a4 c3 21. Qe3 Rd8 22. Rfd1 c2 23. Rd2 Bg6 24. Bc4 Rd6 25. Rc1 Rfd8 26. a5 Qxa5 27. Nxg6 hxg6 28. Bxe6+ Kh7 29. f5 Rxd4 30. fxg6+ Kh8 31. Rdxc2 Rd1+ 32. Rxd1 Rxd1+ 33. Kf2 Bd4 34. Rc8+ Kg7 35. Rg8+ Kf6 36. Rf8+ Kxg6 37. Rg8+ Kh7 0-1

[Event "Troya op"]
[Site "Canakkale"]
[Date "2010.08.09"]
[Round "3"]
[White "Demiralp, Murat"]
[Black "Grigoriev, Armen"]
[Result "1/2-1/2"]
[WhiteElo "2051"]
[BlackElo "2281"]
[PlyCount "233"]
[EventDate "2010.08.07"]
[EventType "swiss"]
[EventRounds "9"]
[EventCountry "TUR"]
[SourceTitle "CBM 137 Extra"]
[Source "ChessBase"]
[SourceDate "2010.09.01"]
[SourceVersion "1"]
[SourceVersionDate "2010.09.01"]
[SourceQuality "1"]

1. d4 d5 2. Nf3 Bg4 3. Ne5 Bf5 4. c4 f6 5. Nf3 e6 6. Nc3 c6 7. Qb3 Qb6 8. Bf4 Na6 9. cxd5 exd5 10. Qxb6 axb6 11. a3 b5 12. e3 Ne7 13. Nd2 Nc8 14. f3 Nb6 15. e4 Be6 16. Be2 Be7 17. Kf2 Kf7 18. exd5 Nxd5 19. Nxd5 Bxd5 20. Ne4 Rhd8 21. Rhd1 h6 22. g4 Bb3 23. Rd2 Be6 24. Nc3 g5 25. Be3 Nc7 26. Ne4 f5 27. gxf5 Bxf5 28. h4 gxh4 29. Bxh6 Ne6 30. Rad1 Rh8 31. Be3 Nc7 32. Bg5 Rag8 33. Bxe7 Kxe7 34. Rh1 Nd5 35. Bf1 h3 36. Re2 Kd7 37. Ng3 Be6 38. Re5 Rh4 39. Ne4 Rg6 40. Nc5+ Kd6 41. Nxb7+ Kc7 42. Nc5 Bc8 43. Re4 Rh8 44. Rh2 Rf6 45. Nd3 Bf5 46. Re1 Rh4 47. Nc5 Rxd4 48. Nb3 Rh4 49. Kg3 Rh8 50. Nd4 Rg6+ 51. Kf2 Bd7 52. Bd3 Rf6 53. Rg1 Rh4 54. Ne2 c5 55. Rg7 c4 56. Bc2 Kc6 57. Kg3 Rh5 58. Be4 Kd6 59. Bxd5 Rxd5 60. Nc3 Rd4 61. Ne4+ Rxe4 62. fxe4 Be6 63. Rg5 Kc6 64. Rd2 Rh6 65. Kh2 Rh4 66. Re5 Rh6 67. Rg5 Rh4 68. Re2 Rh6 69. Kg3 Rf6 70. Rf2 Rh6 71. Rh2 Rf6 72. Re5 Rg6+ 73. Kf4 Bd7 74. Rg5 Rf6+ 75. Ke5 Re6+ 76. Kf4 Rd6 77. Rg3 Rf6+ 78. Ke3 Rd6 79. Kf4 Rf6+ 80. Ke5 Re6+ 81. Kd4 Rd6+ 82. Kc3 Rh6 83. Kb4 Re6 84. Rgxh3 Rxe4 85. Rh6+ Kc7 86. Rh7 Kc6 87. R2h6+ Kc7 88. Rh5 Kc6 89. Rxd7 Kxd7 90. Rxb5 Kd6 91. Rg5 Re2 92. Kc3 Re4 93. a4 Kc6 94. Rb5 Rh4 95. Rb8 Kc5 96. Rc8+ Kd5 97. Kb4 c3+ 98. Kxc3 Rxa4 99. b3 Ra7 100. Rc4 Ra8 101. Kb2 Rb8 102. Rc2 Kd6 103. Rc4 Kd5 104. Kc3 Rh8 105. Rc7 Kd6 106. Rc4 Kd5 107. Rd4+ Kc5 108. b4+ Kb5 109. Rd5+ Kc6 110. Rc5+ Kb6 111. Kb3 Rh1 112. Rc3 Kb5 113. Rc5+ Kb6 114. Rf5 Rb1+ 115. Kc3 Rc1+ 116. Kb2 Rh1 117. Rf4 1/2-1/2

[Event "Chalkidiki op"]
[Site "Chalkidiki"]
[Date "2008.04.30"]
[Round "2"]
[White "Demiralp, Murat"]
[Black "Georgiev, Krum"]
[Result "0-1"]
[WhiteElo "2060"]
[BlackElo "2452"]
[PlyCount "74"]
[EventDate "2008.04.29"]
[EventType "swiss"]
[EventRounds "9"]
[EventCountry "GRE"]
[SourceTitle "CBM 123 Extra"]
[Source "ChessBase"]
[SourceDate "2008.05.06"]
[SourceVersion "1"]
[SourceVersionDate "2008.05.06"]
[SourceQuality "1"]

1. d4 Nf6 2. Nf3 g6 3. Nc3 d5 4. Bf4 c6 5. e3 Bg7 6. Be2 a5 7. Ne5 0-0 8. h4 h5 9. g4 hxg4 10. Nxg4 Bxg4 11. Bxg4 Qb6 12. Rb1 Nbd7 13. h5 e5 14. dxe5 Nxg4 15. Qxg4 Nxe5 16. Qg3 Rae8 17. h6 Bf6 18. h7+ Kh8 19. Bh6 Nc4 20. Nd1 Qb4+ 21. c3 Qe7 22. Qg2 Bg7 23. b3 Nd6 24. Bxg7+ Kxg7 25. Qh2 Nf5 26. Kd2 Rh8 27. Nb2 Qd6 28. Qh3 Re4 29. Nd3 Qe7 30. Nf4 Qa3 31. Nh5+ Kf8 32. Nf6 Qxa2+ 33. Kd3 Qxf2 34. Nxe4 dxe4+ 35. Kxe4 Kg7 36. Kd3 Rd8+ 37. Kc4 Qe2+ 0-1